Legislatíva o legislatíve

Legislatíva o legislatíve ako právny predpis, ktorý upravuje tvorbu a príjmanie právnych predpisov a má vzťah a dopad aj sám na seba. Transparentnosť a otvorenosť rokovania o návrhu zákona.

Enregistré dans:
Détails bibliographiques
Auteur principal: Balog, Boris
Format: Chapitre de livre
Langue:slovaque
Sujets:
Tags: Ajouter un tag
Pas de tags, Soyez le premier à ajouter un tag!

MARC

LEADER 00000naa a2200000 4500
001 0219973
005 20220719123545.7
041 0 |a slo 
044 |a SK 
245 1 0 |a Legislatíva o legislatíve  |c Boris Balog 
520 |a Legislatíva o legislatíve ako právny predpis, ktorý upravuje tvorbu a príjmanie právnych predpisov a má vzťah a dopad aj sám na seba. Transparentnosť a otvorenosť rokovania o návrhu zákona. 
610 2 0 |a legislatíva 
610 2 0 |a parlamenty 
610 2 0 |a predpisy právne 
100 1 |a Balog, Boris